000 01038nam a2200301Ia 4500
005 20220317000401.0
008 141031s9999 ck 000 0 spa d
020 _a9788415579137
100 1 _aDonaldson, Julia
245 1 4 _aLos muñecos de papel
_cJulia Donaldson ; traducción Roser Ruiz ; ilustraciones Rebecca Cobb
250 _a1a edición
300 _a[30] páginas sin enumerar
_bilustraciones en color
_c28 cm.
534 _tThe paper dolls
650 1 4 _2LEMB
_aCuentos infantiles ingleses
_ySiglo XX
650 1 4 _2LEMB
_aLiteratura infantil inglesa
_ySiglo XX
650 1 4 _2LEMB
_aMuñecos
_vCuentos
650 1 4 _2LEMB
_aJuguetes
_vCuentos
650 1 4 _2LEMB
_aFantasía
_vCuentos
700 1 _aCobb, Rebecca,
_d1982-
_eilustrador
_915516
700 1 _aRuiz, Roser
_etraductor
_915517
942 _2loc
_cBKINF
264 _aBarcelona
_bB de Block
_c2013
336 _atexto
_btxt
_2rdacontent
337 _asin mediación
_bn
_2rdamedia
338 _avolumen
_bnc
_2rdacarrier
040 _aCO-BoRNBP
_bspa
_erda
_cCO-BoRNBP
084 _aC DON3
999 _c3892
_d3892